|
|
|
|
| LEADER |
01869nam a2200409 i 4500 |
| 001 |
EBC4460214 |
| 003 |
MiAaPQ |
| 005 |
20200520144314.0 |
| 006 |
m o d | |
| 007 |
cr cnu|||||||| |
| 008 |
160704t20142014ph a o 000 0 eng d |
| 020 |
|
|
|z 9789292543839
|
| 020 |
|
|
|a 9789292543846 (e-book)
|
| 035 |
|
|
|a (MiAaPQ)EBC4460214
|
| 035 |
|
|
|a (Au-PeEL)EBL4460214
|
| 035 |
|
|
|a (CaPaEBR)ebr11187831
|
| 035 |
|
|
|a (CaONFJC)MIL908733
|
| 035 |
|
|
|a (OCoLC)945751412
|
| 040 |
|
|
|a MiAaPQ
|b eng
|e rda
|e pn
|c MiAaPQ
|d MiAaPQ
|
| 043 |
|
|
|a a-mp---
|
| 050 |
|
4 |
|a TF147
|b .A853 2014
|
| 082 |
0 |
|
|a 385
|2 23
|
| 110 |
2 |
|
|a Asian Development Bank,
|e author,
|e publisher.
|
| 245 |
1 |
0 |
|a Managing for development results :
|b rail infrastructure tariffs : enabling private sector development in Mongolia's railway sector /
|c Asian Development Bank.
|
| 264 |
|
1 |
|a Metro Manila, Philippines :
|b Asian Development Bank,
|c 2014.
|
| 264 |
|
4 |
|c 2014
|
| 300 |
|
|
|a 1 online resource (74 pages) :
|b color illustrations, tables
|
| 336 |
|
|
|a text
|2 rdacontent
|
| 337 |
|
|
|a computer
|2 rdamedia
|
| 338 |
|
|
|a online resource
|2 rdacarrier
|
| 588 |
|
|
|a Description based on online resource; title from PDF title page (ebrary, viewed June 28, 2016).
|
| 590 |
|
|
|a Electronic reproduction. Ann Arbor, MI : ProQuest, 2016. Available via World Wide Web. Access may be limited to ProQuest affiliated libraries.
|
| 650 |
|
0 |
|a Railroads
|z Mongolia.
|
| 655 |
|
4 |
|a Electronic books.
|
| 776 |
0 |
8 |
|i Print version:
|a Asian Development Bank.
|t Managing for development results : rail infrastructure tariffs : enabling private sector development in Mongolia's railway sector.
|d Metro Manila, Philippines : Asian Development Bank, c2014
|h xiii, 60 pages
|z 9789292543839
|
| 797 |
2 |
|
|a ProQuest (Firm)
|
| 856 |
4 |
0 |
|u https://ebookcentral.proquest.com/lib/matrademy/detail.action?docID=4460214
|z Click to View
|